| 000 | 00910nam a2200265 u 4500 | ||
|---|---|---|---|
| 001 | 000003702 | ||
| 005 | 20200929150534.0 | ||
| 008 | 090713s2001 dr r 000 0 spa d | ||
| 040 |
_aDO-SdBNP _bspa _cBNPHU |
||
| 082 |
_a741.5 _bB338c, 2001 |
||
| 100 | 1 |
_aBaudelaire, Charles _911305 |
|
| 245 | 1 | 3 |
_aLo cómico y la caricatura / _cCharles Baudelaire ; traducción Carmen Santos. |
| 250 | _a2a ed. | ||
| 260 |
_aMadrid : _bA. Machado libros, _c2001. |
||
| 300 |
_a202 p. : _bil. ; _c22 cm. |
||
| 490 | 1 |
_aLa balsa de la medusa ; _v25 |
|
| 500 | _aIncluye notas al pie de las páginas | ||
| 650 | 4 |
_aCaricatura _xHistoria _911306 |
|
| 650 | 4 |
_aTiras cómicas, historietas, etc _911307 |
|
| 650 | 4 |
_aHumorismo gráfico _97199 |
|
| 650 | 4 |
_aArte de tiras cómicas _97198 |
|
| 700 | 1 |
_aSantos, Carmen, _dtr. _911308 |
|
| 830 | 0 |
_aLa balsa de la medusa ; _n25 _911309 |
|
| 910 | _aValidado. Control de calidad BNPHU | ||
| 999 |
_c3524 _d3524 |
||